Statistics for Oldest London Underground Stations

Click here to take the quiz!

General Stats

  • This quiz has been taken 112 times
  • The average score is 5 of 10

Answer Stats

Date Opened Underground Station (Current Name) % Correct
10 January 1863Baker Street
82%
10 January 1863King's Cross (King's Cross St. Pancras)
80%
10 January 1863Paddington
77%
10 January 1863Farringdon Street (Farringdon)
57%
10 January 1863Gower Street (Euston Square)
55%
10 January 1863Portland Road (Great Portland Street)
55%
1 October 1863Edgware Road
52%
13 June 1864Hammersmith
19%
13 June 1864Notting Hill (Ladbroke Grove)
15%
13 June 1864Shepherd's Bush (Shepherd's Bush Market)
9%

Score Distribution

Percentile by Number Answered

Percent of People with Each Score

Your Score History

You have not taken this quiz